000 00829nam a2200241 i 4500
001 bg
100 1 _aWERMUT, Janina.
245 1 0 _aRachunkowość zarządcza :
_brachunek kosztów i wyników w podejmowaniu decyzji /
_cJanina Wermut.
260 _aGdańsk :
_bOśrodek Doradztwa i Doskonalenia Kadr,
_c2000.
300 _a151, [1] s. :
_brys., wykr. ;
_c21 cm.
650 9 _aDecyzje
_xgospodarka
650 9 _aKoszty
_xprzemysł
650 9 _aRachunek ekonomiczny
_xprzemysł
650 9 _aRachunkowość przemysłowa
020 _a8386141603
040 _cBPK
041 0 _apl
080 _a657::66/69:658.14/.17.011
920 _a83-86141-60-3
942 _cKS
008 s pl f |000 0 pol
999 _c41888
_d41888
856 _uhttp://koha.tu.koszalin.pl/cgi-bin/koha/opac-detail.pl?biblionumber=41888
_yKatalog online BPK